Tatuatges i pírcings : llueix-los sense riscos llueix-los sense riscos
Publicado:
Barcelona :
Diputació de Barcelona. Àrea d'Atenció a les Persones. Gerència de Serveis de Salut Pública i Consum ,
2013
Descripción Física:
1 tríptic : il. ; 21 cm
MARC
| LEADER | 00000nam a2200000Ia 4500 | ||
|---|---|---|---|
| 001 | 23923 | ||
| 008 | 160829s2013 xx 000 0 cat d | ||
| 080 | |a FU-62-86 | ||
| 245 | |a Tatuatges i pírcings : |b llueix-los sense riscos | ||
| 260 | |a Barcelona : |b Diputació de Barcelona. Àrea d'Atenció a les Persones. Gerència de Serveis de Salut Pública i Consum, |c 2013 | ||
| 300 | |a 1 tríptic : |b il. ; |c 21 cm | ||
| 650 | |a Tatuatges |x Guies |9 50440 | ||
| 650 | |a Pírcing |x Guies |9 50441 | ||
| 710 | |a Barcelona (Catalunya : Província). |b Servei de Salut Pública |9 52202 | ||
| 856 | |u http://www20.gencat.cat/portal/site/JoveCat | ||
| 901 | |a Arxiu | ||
| 942 | |n 1 | ||
| 952 | |0 0 |1 0 |4 0 |6 FU6286 |7 1 |9 56036 |a Arxiu |b Arxiu |d 2016-12-01 |l 0 |o FU-62-86 |p 23923 |r 2016-12-01 00:00:00 |w 2016-12-01 |y ARXIU | ||
| 999 | |c 59910 |d 59910 | ||